Charcos en el camino / (Registro nro. 8421)

Detalles MARC
000 -LIDER
fixed length control field 00978nam a22003017a 4500
001 - NÚMERO DE CONTROL
Identificador de número de control 00260
003 - IDENTIFICACDOR DE NÚMERO DE CONTROL
control field DO-SdBNP
005 - DATE AND TIME OF LATEST TRANSACTION
control field 20180219133648.0
008 - ELEMENTOS DE LONGITUD FIJA
fixed length control field 151022b 1992 sp a || |||| 00| 0 spa d
020 ## - ISBN
International Standard Book Number 8434808188
040 ## - FUENTE DE CATALOGACIÓN
Agencia que crea de manera original el registro BPMSU
Idioma de catalogación spa
Agencia que realiza la transcripción BPMSU
092 ## - LOCALLY ASSIGNED DEWEY DECIMAL CALL NUMBER
Número de clasificación xxxx
Número de ítem (Cutter) xxxx
100 1# - ASIENTO PRINCIPAL -- NOMBRE PERSONAL
Nombre personal Parker, Alan,
Fechas asociadas con el nombre 1944-
240 ## - TITULO UNIFORME
Título uniforme Puddles in the lane /
245 10 - MENCIÓN DE TITULO
Título Charcos en el camino /
Mención de responsabilidad Alan Parker ; traducción Pedro Barbadillo ; ilustraciones y cubierta Antonio Tello]
250 ## - MENCIÓN DE EDICION
Mención de edición 13 ed.
260 ## - PUBLICACIÓN, DISTRIBUCIÓN, ETC. (PIE DE IMPRENTA)
Lugar de publicación, distribución, etc Madrid :
Nombre del editor, distribuidor, etc. Ediciones SM,
Fecha de publicación, distribución, etc 1992.
300 ## - DESCRIPCIÓN FÍSICA
Extensión 192 p. :
Otros detalles físicos il. ;
Dimensiones 19 cm.
490 1# - MENCIÓN DE SERIES
Mención de serie Barco de vapor
Volume/sequential designation 2
500 ## - NOTA GENERAL
Nota general Incluye datos biográficos del autor en la solapa de la contracubierta.
521 ## - TARGET AUDIENCE NOTE
Target audience note A partir de 12 años.
700 12 - ASIENTO SECUNDARIO -- NOMBRE PERSONAL
Nombre personal Barbadillo, Pedro,
Mención de responsabilidad tr.
700 12 - ASIENTO SECUNDARIO -- NOMBRE PERSONAL
Nombre personal Tello, Antonio,
Mención de responsabilidad il.
830 #0 - ASIENTO SECUNDARIO DE SERIE--TÍTULO UNIFORME
Título uniforme Barco de vapor ;
Información miscelánea Roja
Volume number/sequential designation 2
942 ## - ADDED ENTRY ELEMENTS (KOHA)
Source of classification or shelving scheme Dewey Decimal Classification
Koha item type Libros
945 ## - INFORMACIÓN DE PROCESAMIENTO LOCAL
Información de procesamiento local Inventariado, 2018/ YL
956 ## - LOCAL ELECTRONIC LOCATION AND ACCESS (OCLC)
Nombre de host LOPEREZ
Método de acceso 10
Materiales especificados 20160406
Enlace BPMSU
Campo enlazado y núm. de secuencia 0041
Existencias
Withdrawn status Lost status Source of classification or shelving scheme Damaged status Not for loan Collection code Home library Current library Date acquired Source of acquisition Total Checkouts Barcode Date last seen Price effective from Koha item type Copy number
    Dewey Decimal Classification     Colección Infantil General Biblioteca Pública Metropolitana Salomé Ureña Biblioteca Pública Metropolitana Salomé Ureña 10/22/2015 Donación   BPMSU16040131 10/22/2015 10/22/2015 Libros  
    Dewey Decimal Classification     Colección Infantil General Biblioteca Pública Metropolitana Salomé Ureña Biblioteca Pública Metropolitana Salomé Ureña 04/06/2016 Donación   BPMSU16040132 04/06/2016 04/06/2016 Libros ej. 2